000 01471cam a22003255a 4500
001 17995541
005 20170122101622.0
008 140113t20152015flua frb 001 0 eng d
020 _a9781466566163 (hbk. )
020 _a1466566167 (hbk. )
040 _aDLC
_beng
_cDLC
_dDLC
_dEG-ScBUE
082 0 4 _222
_a662.88
_bBIO
245 0 0 _aBiomass processing technologies /
_cedited by Vladimir Strezov and Tim J. Evans.
260 _aBoca Raton, Florida :
_bCRC Press / Taylor & Francis Group,
_cc.2015.
300 _axi, 407 p. :
_bill. ;
_c24 cm.
500 _aIndex : p. 379-407.
504 _aIncludes bibliographical references.
505 0 _aProperties of biomass fuels -- Sustainability considerations for electricity generation from biomass -- Combustion of biomass -- Gasification of biomass -- Pyrolysis of biomass -- Hydrothermal processing of biomass -- Anaerobic digestion -- Esterification -- Fermentation of biomass -- Fischer-tropsch synthesis from biosyngas -- Bio-oil applications and processing.
590 _ashima Wessam
650 7 _aBiomass conversion.
_2BUEsh
_941636
650 7 _aPlant biomass.
_2BUEsh
_941637
651 _2BUEsh
653 _bENGGEN
_cJune2015
_cOctober2015
653 _bENGCHE
_cOctober2016
653 _bENGGEN
_cOctober2016
650 7 _941638
_aPlant products
_xBiotechnology
_2BUEsh
700 1 _aStrezov, Vladimir‏
_eeditor.
_941639
700 1 _aEvans, Tim J.‏
_eeditor.
_941640
942 _2ddc
_k662.88 BIO
_e22
999 _c19721
_d19693